000 01101nam a22003257a 4500
003 CHAP
005 20220329134526.0
008 971013c19751966ag a r 00010 spa d
010 _a21641
011 _a22613
035 _a26708
040 _cCHAP
082 0 4 _a574.09
_bA8Y
100 0 0 _aAsimov, Isaac.
_97955
245 1 _aBreve historia de la biología
260 _aBuenos Aires :
_bEUDEBA,
_c1975 (c.1966)
300 _a249 p.
_b: ilus
490 _aLibros para todos
590 _aBATCH-UPD
_b10
_c20130110
_lUCH01
_h1011
590 _aBATCH-UPD
_b10
_c20130410
_lUCH01
_h0619
590 _aBATCH-UPD
_b10
_c20130914
_lUCH01
_h0419
590 _aCONVERSION
_b10
_c20130109
_lUCH01
_h1313
650 1 4 _aBiología
_xHistoria.
_912785
830 0 _aLibros para todos
_966687
901 _aBK
942 _cLIBRO
949 _a574.09 A8Y
_bBC
_cLIBRO
_d33724000459962
_eLIBRO
_fc.3
_gI.c/e
_h65871
_i26708
_si
_t738.00
949 _a574.09 A8Y
_bBC
_cLIBRO
_d33724000459970
_eLIBRO
_gI.c/e
_h65869
_i26708
_si
_t738.00
949 _a574.09 A8Y
_bBC
_cLIBRO
_d33724000937090
_eLIBRO
_fc.2
_gI.c/e
_h65870
_i26708
_si
_t738.00
999 _c21641
_d21641